000 00488nam a2200193Ia 4500
003 OSt
005 20230614161429.0
008 210423s1985 xx 000 0 und d
040 _cAL
041 _aeng
082 _a305.235
_223
_b UNYI
245 _aYouth infromation bulletin
260 _aNew York
_bUnited Nations
_c1985
365 _cINR
650 _aSocial Groups
_9121208
650 _aSocial Sciences
_9121209
906 _abulletin ; infromation ; Youth
942 _2ddc
_cBK
999 _c174992
_d174992